00326nam a2200121Ia 4500008004000000020001800040082001300058100002200071245004000093260003200133300001200165650002700177210210b2001 xxu||||| |||| 00| 0 eng d a81 7663 877 3 a636 PRAA aPRASAD (Jagdish). aAnimal husbandry and dairy science. aLudianabKalyani Pub.c2001 axi, 551 aAnimal Husbandry Dairy